000 00403nam a2200181Ia 4500
001 18148
005 20260306171609.0
008 260306s9999||||xx |||||||||||||| ||und||
041 _aESP
082 _a658.4012
_bJ67 2006
100 _aJohnson, Gerry
_eAUT
245 0 _aDirección estratégica
260 _c2006
300 _a
_c
650 _aGEN
654 _aCAN
942 _cLIB
_dJUS
_fJUS
_2ddc
_n
999 _c18148
_d18148